000
00322nam a2200133Ia 4500
008
190216s9999||||xx |||||||||||||| ||und||
100
_a
"Lesikar,Pettit"
245
0
_a
Business Communication
250
_a
6th Ed.
260
_b
Aitbs Publishers And Distributors
_c
2004
300
_a
740
650
_a
Commerce
942
_c
BK
999
_c
8271
_d
8271